. المدارس النحوية (Record no. 15472)

MARC details
000 -LEADER
fixed length control field 00534nam a2200181 4500
008 - FIXED-LENGTH DATA ELEMENTS--GENERAL INFORMATION
fixed length control field b xx# ara u
040 ## - CATALOGING SOURCE
Original cataloging agency LB-BrCRDP
082 ## - DEWEY DECIMAL CLASSIFICATION NUMBER
Classification number 492.7/D232m
100 1# - MAIN ENTRY--PERSONAL NAME
Personal name . ضيف، شوقي
130 1# - MAIN ENTRY--UNIFORM TITLE
Language of a work AR
245 10 - TITLE STATEMENT
Title . المدارس النحوية
Statement of responsibility, etc. شوقي ضيف
250 ## - EDITION STATEMENT
Edition statement ط.2
260 ## - PUBLICATION, DISTRIBUTION, ETC.
Place of publication, distribution, etc. القاهرة
Name of publisher, distributor, etc. دار المعارف بمصر
Date of publication, distribution, etc. 1972
300 ## - PHYSICAL DESCRIPTION
Extent 375 ص. ؛
Dimensions 23 سم.
650 ## - SUBJECT ADDED ENTRY--TOPICAL TERM
Topical term or geographic name entry element اللغة العربية
General subdivision النحو
942 ## - ADDED ENTRY ELEMENTS (KOHA)
Koha item type Books
Holdings
Withdrawn status Lost status Source of classification or shelving scheme Damaged status Not for loan Home library Current library Shelving location Date acquired Total Checkouts Full call number Barcode Date last seen Copy number Price effective from Koha item type
    Dewey Decimal Classification     مكتبة المطبعة - سن الفيل مكتبة المطبعة - سن الفيل Salle de Lecture 07/28/2016   492.7 D232m CRF011619 07/28/2016 1 07/28/2016 Books